Prague Economic Papers quarterly Journal of Economic Theory and Policy

Saved in:
Bibliographic Details
Format: Serial
Language:English
Published: Prague University of Economics 1995
Subjects:
Tags: Add Tag
No Tags, Be the first to tag this record!

MARC

LEADER 00000nas2a2200000 4500
001 s102408
005 20221221071342.6
022 |a 1210-0455 
041 0 |a eng 
044 |a CZ 
245 1 0 |a Prague Economic Papers  |b quarterly Journal of Economic Theory and Policy 
264 1 |a Prague  |b University of Economics  |c 1995 
300 |a 1 zv. 
773 0 |w eu_un_cat*s120252 
610 2 0 |a teórie ekonomické 
610 2 0 |a politika hospodárska 
610 2 0 |a Česko